| 000 | 00510nam a2200169 i 4500 | ||
|---|---|---|---|
| 001 | 39710 | ||
| 003 | ES-MaACL | ||
| 005 | 20240301063048.0 | ||
| 007 | t| | ||
| 008 | 030304s1919 sp ||||1| spa d | ||
| 100 | 1 |
_aCansinos Asséns, Rafael, _d1882-1964 _934616 |
|
| 245 | 1 | 0 |
_aPoetas y prosistas del novecientos _b: (España y América) / _cR. Cansinos Assens. |
| 260 |
_aMadrid : _bAmérica, _c1919. |
||
| 300 |
_a311 p. ; _c18 cm. |
||
| 852 |
_aES-MaACL _jF-10524 |
||
| 999 |
_c39710 _d39710 |
||